000 00281nam a22001097a 4500
082 _a320
100 _aReddy Maddi Srinivas
_980576
245 _aGender Justice :Political Representation of Women D
260 _aDelhi
_bAvni Pub
_c2018
650 _aPolitical
_980577
942 _cBK
999 _c63899
_d63899